| 000 | 00000nam##2200000za#4500 |
| 001 | 9.615690 |
| 003 | CaOODSP |
| 005 | 20210615101239 |
| 007 | ta |
| 008 | 150406|2001||||xxc||||| f|0| 0 eng|d |
| 020 | |a0-662-30809-3 |
| 040 | |aCaOODSP|beng |
| 043 | |an-cn--- |
| 086 | 1 |aNH18-24/28KE |
| 110 | 2 |aCanada Mortgage and Housing Corporation. |
| 245 | 10|aBefore you start assessing the comfort and safety of your home's mechanical systems |
| 260 | |aOttawa - Ontario : |bCanada Mortgage and Housing Corporation |c2001. |
| 300 | |a8p. : |billus. ; |c28 cm. |
| 490 | 1 |aAbout your house |vCE28K |
| 563 | |aPamphlet |
| 590 | |a01-27|b2001-07-06 |
| 690 | 07|aAir conditioning|2gcpds |
| 690 | 07|aHeating|2gcpds |
| 690 | 07|aEnergy efficiency|2gcpds |
| 690 | 07|aSafety|2gcpds |
| 775 | 08|tÉvaluation de vos installations mécaniques - confort et sécurité |w(CaOODSP)9.625719 |
| 776 | 0#|tBefore you start assessing the comfort and safety of your home's mechanical systems |w(CaOODSP)9.571811 |
| 830 | #0|aAbout your house ;|vCE28K|w(CaOODSP)9.514828 |